Mujeres en Colombia contra el silencio
保存先:
| 団体著者: | |
|---|---|
| フォーマット: | テキスト |
| 出版事項: |
Londres:
Amnistía Internacional
|
| タグ: |
タグ追加
タグなし, このレコードへの初めてのタグを付けませんか!
|
MARC
| LEADER | 00000 a a2200000 04500 | ||
|---|---|---|---|
| 001 | 23299 | ||
| 003 | |||
| 040 | |||
| 090 | |a 161300 | ||
| 110 | |a Amnistía Internacional | ||
| 245 | |a Mujeres en Colombia contra el silencio | ||
| 260 | |a Londres: |b Amnistía Internacional | ||
| 300 | |a 21 p. | ||
| 999 | |c 11326 |d 11326 | ||
